01081nam a22003017a 450000500170000000800410001701000100005801100100006803500100007809000100008810000410009824501300013926000400026930000100030950000120031950200810033159000370041259000410044959000410049059000410053159000410057259000420061365000290065565000300068490100070071494900410072199900170076220220329141300.0971010s1991 r 00010 d a65702 a66674 a75278 aTesis00aRodríguez Badillo, Gerardo.998307 aEvaluación ex post al proyecto, empacadoras de durazno de la Unión de Ejidos Emiliano Zapata Municipio de Jerez Zacatecas aChapingo, Méx. :bEl autor,c1991 a185 h a1992-23 aTesis (Ing. Agr. Esp. en Zonas Aridas) -- UACH. Departamento de Zonas Aridas aALEPHb10c20130110lUCH01h1358 aBATCH-UPDb10c20130110lUCH01h0053 aBATCH-UPDb10c20130110lUCH01h2027 aBATCH-UPDb10c20130409lUCH01h2041 aBATCH-UPDb10c20130914lUCH01h1225 aCONVERSIONb10c20130109lUCH01h133614aDuraznoxEmpaque.93459314aDuraznoxMercadeo.934614 aBK bZAcTESBDd-8218eTS1h316i75278si c65702d65702